[Event "Srem-ch LKS Piast"]
[Site "Srem"]
[Date "2014.02.??"]
[Round "1.2"]
[White "Kolinski, Stanislaw"]
[Black "Wlodarczak, Damian"]
[Result "0-1"]
[WhiteElo "1846"]
[BlackElo "1676"]
[PlyCount "44"]
[EventDate "2014.02.22"]
[EventType "tourn"]
[EventRounds "9"]
[EventCountry "POL"]
[SourceTitle "EXT 2023"]
[Source "ChessBase"]
[SourceDate "2022.10.05"]
[SourceVersion "1"]
[SourceVersionDate "2022.10.05"]
[SourceQuality "1"]

1. e4 e5 2. Nf3 Nc6 3. Bb5 f5 4. d4 fxe4 5. Nxe5 Nxe5 6. dxe5 c6 7. Be2 Qa5+ 8. Bd2 Qxe5 9. Bh5+ g6 10. Bc3 Qg5 11. Bxh8 gxh5 12. 0-0 d5 13. f4 Qg6 14. Kh1 h4 15. c4 Bg4 16. Qd4 0-0-0 17. Qxa7 h3 18. g3 e3 19. Qxe3 Re8 20. Be5 Bc5 21. Qe1 Qd3 22. Nd2 Be2 0-1

[Event "Srem-ch LKS Piast"]
[Site "Srem"]
[Date "2013.03.15"]
[Round "4.3"]
[White "Hoffmann, Kacper"]
[Black "Kolinski, Stanislaw"]
[Result "1/2-1/2"]
[WhiteElo "1598"]
[BlackElo "1865"]
[PlyCount "32"]
[EventDate "2013.02.23"]
[EventType "tourn"]
[EventRounds "9"]
[EventCountry "POL"]
[SourceTitle "EXT 2023"]
[Source "ChessBase"]
[SourceDate "2022.10.05"]
[SourceVersion "1"]
[SourceVersionDate "2022.10.05"]
[SourceQuality "1"]

1. Nc3 d5 2. e4 dxe4 3. Nxe4 Nc6 4. Nf3 Bf5 5. Ng3 Bg6 6. Bc4 e6 7. 0-0 Nf6 8. d4 Be7 9. c3 Nd5 10. Re1 0-0 11. Ne5 Nxe5 12. Rxe5 Bf6 13. Re1 Be7 14. Re5 Bf6 15. Re1 Be7 16. Re5 Bf6 1/2-1/2

[Event "Srem-ch LKS Piast"]
[Site "Srem"]
[Date "2012.04.14"]
[Round "7.4"]
[White "Kolinski, Stanislaw"]
[Black "Simon, Marek"]
[Result "1/2-1/2"]
[WhiteElo "1889"]
[BlackElo "1813"]
[PlyCount "20"]
[EventDate "2012.02.25"]
[EventType "tourn"]
[EventRounds "9"]
[EventCountry "POL"]
[SourceTitle "EXT 2023"]
[Source "ChessBase"]
[SourceDate "2022.10.05"]
[SourceVersion "1"]
[SourceVersionDate "2022.10.05"]
[SourceQuality "1"]

1. d4 d5 2. Nf3 Nf6 3. c4 c6 4. cxd5 cxd5 5. Nc3 Nc6 6. Bf4 e6 7. a3 a6 8. e3 Be7 9. Bd3 0-0 10. h3 Bd6 1/2-1/2

[Event "Srem-ch LKS Piast"]
[Site "Srem"]
[Date "2011.04.15"]
[Round "9.3"]
[White "Hoffmann, Piotr"]
[Black "Kolinski, Stanislaw"]
[Result "0-1"]
[WhiteElo "1791"]
[BlackElo "1884"]
[PlyCount "60"]
[EventDate "2011.02.21"]
[EventType "tourn"]
[EventRounds "9"]
[EventCountry "POL"]
[SourceTitle "EXT 2023"]
[Source "ChessBase"]
[SourceDate "2022.10.05"]
[SourceVersion "1"]
[SourceVersionDate "2022.10.05"]
[SourceQuality "1"]

1. Nc3 d5 2. e4 dxe4 3. Nxe4 Nd7 4. d4 Ngf6 5. Ng3 e6 6. Nf3 c5 7. c3 Be7 8. Bd3 0-0 9. 0-0 cxd4 10. Nxd4 Re8 11. Qc2 g6 12. Re1 Nc5 13. Bc4 a6 14. a3 b5 15. Ba2 Qc7 16. c4 e5 17. Nf3 e4 18. Ng5 Nd3 19. Re2 Ng4 20. N5xe4 Ndxf2 21. cxb5 Qxc2 22. Rxc2 Nxe4 23. Nxe4 Bf5 24. Bd5 Rad8 25. Rd2 Bxe4 26. h3 Bc5+ 27. Kh1 Bxd5 28. hxg4 Re1+ 29. Kh2 Bd6+ 30. g3 Rh1# 0-1

[Event "Srem-ch LKS Piast"]
[Site "Srem"]
[Date "2011.03.11"]
[Round "4.5"]
[White "Kozlowski, Tomasz1111"]
[Black "Kolinski, Stanislaw"]
[Result "1/2-1/2"]
[WhiteElo "1957"]
[BlackElo "1884"]
[PlyCount "127"]
[EventDate "2011.02.21"]
[EventType "tourn"]
[EventRounds "9"]
[EventCountry "POL"]
[SourceTitle "EXT 2023"]
[Source "ChessBase"]
[SourceDate "2022.10.05"]
[SourceVersion "1"]
[SourceVersionDate "2022.10.05"]
[SourceQuality "1"]

1. Nf3 Nf6 2. g3 c5 3. Bg2 d5 4. 0-0 Nc6 5. d4 cxd4 6. Nxd4 e5 7. Nxc6 bxc6 8. c4 Be7 9. Nc3 Be6 10. Bg5 e4 11. Qc2 Rc8 12. Rfd1 Qa5 13. Bd2 Qc7 14. Bf4 Qb7 15. a3 0-0 16. b4 Rfd8 17. Na4 dxc4 18. Nc3 Bd5 19. e3 Re8 20. Be5 Bd8 21. Bd4 Qe7 22. Rab1 Bb6 23. Bxf6 Qxf6 24. Nxd5 cxd5 25. Rxd5 Qe6 26. Rbd1 Qe7 27. h4 g6 28. Qc3 Rc6 29. b5 Rc5 30. h5 gxh5 31. a4 Rxd5 32. Rxd5 Rd8 33. Qxc4 Qe6 34. Rg5+ Kf8 35. Qb4+ Qd6 36. Qxe4 h6 37. Rf5 Qg6 38. Qb4+ Qd6 39. Qc4 Rd7 40. Bc6 Re7 41. Kg2 Qg6 42. Qc3 Kg8 43. e4 h4 44. Bd5 Rc7 45. Bc6 hxg3 46. fxg3 Qg4 47. Qf3 Qxf3+ 48. Kxf3 Kg7 49. e5 Kg6 50. g4 Re7 51. Ke4 Bc5 52. Kd5 Bb4 53. Kc4 Ba5 54. Kc5 Kg7 55. Bd5 Kg6 56. Rf6+ Kg7 57. Ra6 Bd8 58. Kd6 Kf8 59. a5 Bc7+ 60. Kc5 Bxe5 61. b6 Bb8 62. b7 Kg7 63. Rd6 Rc7+ 64. Kb5 1/2-1/2

[Event "Polanica Zdroj op-B 46th"]
[Site "Polanica Zdroj"]
[Date "2010.08.26"]
[Round "9"]
[White "Mahor, Maksymilian"]
[Black "Kolinski, Stanislaw"]
[Result "1/2-1/2"]
[WhiteElo "1641"]
[BlackElo "1935"]
[PlyCount "60"]
[EventDate "2010.08.18"]
[EventType "swiss"]
[EventRounds "9"]
[EventCountry "POL"]
[SourceTitle "CBM 138 Extra"]
[Source "ChessBase"]
[SourceDate "2010.10.29"]
[SourceVersion "1"]
[SourceVersionDate "2010.10.29"]
[SourceQuality "1"]

1. d4 Nf6 2. c4 e6 3. Nf3 b6 4. Nc3 Bb7 5. Qc2 d5 6. Bg5 Be7 7. cxd5 Nxd5 8. Bxe7 Qxe7 9. Nxd5 exd5 10. e3 0-0 11. Bd3 h6 12. Rc1 c6 13. a3 a5 14. Ne5 Qd6 15. Bf5 c5 16. f4 c4 17. 0-0 Nc6 18. Rf3 Ne7 19. Bg4 f5 20. Bh5 Rf6 21. Rg3 Raf8 22. a4 Kh8 23. b3 g6 24. Bf3 cxb3 25. Qxb3 Ba6 26. Rb1 Rc8 27. h4 Bc4 28. Qd1 Rg8 29. Be2 Bxe2 30. Qxe2 Kh7 1/2-1/2

[Event "Polanica Zdroj op-B 46th"]
[Site "Polanica Zdroj"]
[Date "2010.08.24"]
[Round "7"]
[White "Kalmuk, Krzysztof"]
[Black "Kolinski, Stanislaw"]
[Result "1/2-1/2"]
[WhiteElo "1765"]
[BlackElo "1935"]
[PlyCount "52"]
[EventDate "2010.08.18"]
[EventType "swiss"]
[EventRounds "9"]
[EventCountry "POL"]
[SourceTitle "CBM 138 Extra"]
[Source "ChessBase"]
[SourceDate "2010.10.29"]
[SourceVersion "1"]
[SourceVersionDate "2010.10.29"]
[SourceQuality "1"]

1. d4 d5 2. Nf3 e6 3. c4 Nf6 4. Bg5 Be7 5. Nc3 Nbd7 6. cxd5 exd5 7. e3 c6 8. Bd3 0-0 9. Qc2 Re8 10. 0-0 Nf8 11. Rfe1 Ne4 12. Bf4 Bb4 13. Nd2 Bf5 14. a3 Bxc3 15. bxc3 Nxd2 16. Bxf5 Ne4 17. f3 Nd6 18. Bd3 h6 19. e4 Ne6 20. Bg3 b5 21. exd5 cxd5 22. Bxd6 Qxd6 23. Bxb5 Rec8 24. Re3 Nxd4 25. Qd3 Nxb5 26. Qxb5 Qc5 1/2-1/2

[Event "Polanica Zdroj op-B 46th"]
[Site "Polanica Zdroj"]
[Date "2010.08.21"]
[Round "4"]
[White "Kolinski, Stanislaw"]
[Black "Palka, Dominika"]
[Result "1-0"]
[WhiteElo "1935"]
[BlackElo "1740"]
[PlyCount "105"]
[EventDate "2010.08.18"]
[EventType "swiss"]
[EventRounds "9"]
[EventCountry "POL"]
[SourceTitle "CBM 138 Extra"]
[Source "ChessBase"]
[SourceDate "2010.10.29"]
[SourceVersion "1"]
[SourceVersionDate "2010.10.29"]
[SourceQuality "1"]

1. e4 e5 2. Nf3 Nc6 3. Bb5 a6 4. Ba4 d6 5. Bxc6+ bxc6 6. d4 exd4 7. Qxd4 c5 8. Qd3 Bb7 9. c4 Nf6 10. Nc3 h6 11. 0-0 Qd7 12. e5 dxe5 13. Nxe5 Qxd3 14. Nxd3 0-0-0 15. Rd1 Bd6 16. Bf4 Bxf4 17. Nxf4 Rd4 18. Nce2 Rxc4 19. Rdc1 Rxc1+ 20. Rxc1 Rd8 21. Nc3 Bc6 22. f3 Kb7 23. Rc2 Kb6 24. Kf2 g5 25. Nfe2 g4 26. Nf4 gxf3 27. gxf3 Rd4 28. Ke3 Nd7 29. Nce2 Rd1 30. Nd3 Bb5 31. Ndf4 Rd6 32. Nc3 Bc6 33. Ne4 Rd1 34. Nf2 Re1+ 35. Ne2 Bb5 36. Nd3 Bxd3 37. Kxd3 Rd1+ 38. Ke3 Rh1 39. Nc3 Re1+ 40. Kf4 Re5 41. Rd2 Rh5 42. Rxd7 Rxh2 43. Rxf7 Ka5 44. Ke4 Rxb2 45. Rxc7 Kb4 46. Nd5+ Kc4 47. f4 Rxa2 48. f5 Re2+ 49. Ne3+ Kb5 50. f6 Rf2 51. Nf5 Rd2 52. f7 Rd8 53. Nd6+ 1-0

[Event "Poznan op 19th"]
[Site "Poznan"]
[Date "2010.08.07"]
[Round "7"]
[White "Kolinski, Stanislaw"]
[Black "Glatty, Zbigniew"]
[Result "0-1"]
[WhiteElo "1935"]
[BlackElo "1923"]
[PlyCount "74"]
[EventDate "2010.08.01"]
[EventType "swiss"]
[EventRounds "9"]
[EventCountry "POL"]
[SourceTitle "CBM 138 Extra"]
[Source "ChessBase"]
[SourceDate "2010.10.29"]
[SourceVersion "1"]
[SourceVersionDate "2010.10.29"]
[SourceQuality "1"]

1. e4 e5 2. Nf3 Nc6 3. Bb5 a6 4. Bxc6 dxc6 5. 0-0 f6 6. d4 exd4 7. Nxd4 c5 8. Nb3 Qxd1 9. Rxd1 Bd7 10. Bf4 0-0-0 11. Nc3 Bc6 12. Rxd8+ Kxd8 13. Rd1+ Kc8 14. Nd5 Bxd5 15. Rxd5 b6 16. Rd1 Ne7 17. Nd2 Nc6 18. c4 Nb4 19. Nf3 Nxa2 20. e5 Be7 21. g4 Nb4 22. h4 Rd8 23. Rxd8+ Bxd8 24. Ne1 Kd7 25. b3 Nc6 26. Nf3 Nd4 27. Nxd4 cxd4 28. h5 b5 29. cxb5 axb5 30. Kf1 c5 31. Ke2 Ke6 32. exf6 Bxf6 33. Bc1 g6 34. f4 c4 35. Kf3 Kd5 36. g5 Bh8 37. h6 d3 0-1

[Event "Srem-ch LKS Piast"]
[Site "Srem"]
[Date "2010.03.05"]
[Round "8.3"]
[White "Hoffmann, Piotr"]
[Black "Kolinski, Stanislaw"]
[Result "1/2-1/2"]
[WhiteElo "1765"]
[BlackElo "1972"]
[PlyCount "20"]
[EventDate "2010.03.05"]
[EventType "tourn"]
[EventRounds "9"]
[EventCountry "POL"]
[SourceTitle "EXT 2023"]
[Source "ChessBase"]
[SourceDate "2022.10.05"]
[SourceVersion "1"]
[SourceVersionDate "2022.10.05"]
[SourceQuality "1"]

1. Nc3 e5 2. Nf3 Nc6 3. d4 exd4 4. Nxd4 Nxd4 5. Qxd4 Nf6 6. Bg5 Be7 7. Ne4 Nxe4 8. Qxe4 d6 9. Bxe7 Qxe7 10. Qxe7+ Kxe7 1/2-1/2

[Event "Srem-ch LKS Piast"]
[Site "Srem"]
[Date "2010.03.05"]
[Round "6.2"]
[White "Kaczmarek, Piotr"]
[Black "Kolinski, Stanislaw"]
[Result "1-0"]
[WhiteElo "1888"]
[BlackElo "1972"]
[PlyCount "65"]
[EventDate "2010.03.05"]
[EventType "tourn"]
[EventRounds "9"]
[EventCountry "POL"]
[SourceTitle "EXT 2023"]
[Source "ChessBase"]
[SourceDate "2022.10.05"]
[SourceVersion "1"]
[SourceVersionDate "2022.10.05"]
[SourceQuality "1"]

1. e4 e5 2. Nf3 Nc6 3. Bb5 a6 4. Ba4 Nf6 5. d3 d6 6. c3 Be7 7. Nbd2 0-0 8. 0-0 b5 9. Bc2 Bb7 10. Re1 Nb8 11. Nf1 Re8 12. a4 Nbd7 13. Ng3 g6 14. Bg5 Nc5 15. b4 Ne6 16. Bd2 Bf8 17. Bb3 Bg7 18. Qc2 h6 19. c4 c6 20. Bc3 Nf4 21. c5 Re7 22. cxd6 Qxd6 23. d4 Nd7 24. Rad1 Qc7 25. Qb2 Rae8 26. d5 cxd5 27. exd5 Qb6 28. a5 Qa7 29. d6 Re6 30. Bxe6 Rxe6 31. Nxe5 Nxe5 32. Bxe5 Nxg2 33. d7 1-0

[Event "Srem-ch LKS Piast"]
[Site "Srem"]
[Date "2010.03.05"]
[Round "1.4"]
[White "Kozlowski, Tomasz1111"]
[Black "Kolinski, Stanislaw"]
[Result "1/2-1/2"]
[WhiteElo "2000"]
[BlackElo "1972"]
[PlyCount "81"]
[EventDate "2010.03.05"]
[EventType "tourn"]
[EventRounds "9"]
[EventCountry "POL"]
[SourceTitle "EXT 2023"]
[Source "ChessBase"]
[SourceDate "2022.10.05"]
[SourceVersion "1"]
[SourceVersionDate "2022.10.05"]
[SourceQuality "1"]

1. e4 e5 2. Nf3 Nc6 3. Bb5 a6 4. Ba4 Nf6 5. d3 d6 6. h3 Be7 7. 0-0 0-0 8. c3 Be6 9. d4 exd4 10. cxd4 d5 11. exd5 Nxd5 12. Bxc6 bxc6 13. Ne5 Qe8 14. Re1 c5 15. Nc3 Rd8 16. Nxd5 Rxd5 17. Qe2 cxd4 18. Bd2 Bd6 19. Nf3 Qb5 20. Qe4 Qd7 21. g4 Be7 22. Ne5 Qb5 23. Nd3 Rd7 24. Nf4 Bg5 25. Nxe6 fxe6 26. Qxe6+ Rff7 27. Bxg5 Qxg5 28. Rad1 Qh4 29. Re2 h6 30. Rxd4 Kh8 31. f4 Qg3+ 32. Rg2 Qxh3 33. f5 Qh4 34. Qxa6 Rde7 35. Rd1 Re8 36. Rf1 Re1 37. Qa5 Rxf1+ 38. Kxf1 Qh1+ 39. Kf2 Qc1 40. Qc3 Qf4+ 41. Kg1 1/2-1/2

[Event "Srem-ch LKS Piast"]
[Site "Srem"]
[Date "2010.03.05"]
[Round "4.1"]
[White "Sobolewski, Piotr1111"]
[Black "Kolinski, Stanislaw"]
[Result "1/2-1/2"]
[WhiteElo "1506"]
[BlackElo "1972"]
[PlyCount "23"]
[EventDate "2010.03.05"]
[EventType "tourn"]
[EventRounds "9"]
[EventCountry "POL"]
[SourceTitle "EXT 2023"]
[Source "ChessBase"]
[SourceDate "2022.10.05"]
[SourceVersion "1"]
[SourceVersionDate "2022.10.05"]
[SourceQuality "1"]

1. e4 e5 2. Nf3 Nc6 3. Nc3 Nf6 4. Bb5 Nd4 5. Nxd4 exd4 6. Ne2 Nxe4 7. Nxd4 Be7 8. 0-0 0-0 9. d3 Nd6 10. Ba4 Bf6 11. Nf3 Re8 12. Re1 1/2-1/2

[Event "Srem-ch LKS Piast"]
[Site "Srem"]
[Date "2009.04.10"]
[Round "7.5"]
[White "Kolinski, Stanislaw"]
[Black "Kaczmarek, Piotr1111"]
[Result "0-1"]
[WhiteElo "1999"]
[BlackElo "1927"]
[PlyCount "92"]
[EventDate "2009.02.27"]
[EventType "tourn"]
[EventRounds "9"]
[EventCountry "POL"]
[SourceTitle "EXT 2023"]
[Source "ChessBase"]
[SourceDate "2022.10.05"]
[SourceVersion "1"]
[SourceVersionDate "2022.10.05"]
[SourceQuality "1"]

1. c4 e5 2. Nc3 Nf6 3. g3 d5 4. cxd5 Nxd5 5. Bg2 Nb6 6. Nf3 Nc6 7. 0-0 Be7 8. d3 0-0 9. a3 Re8 10. b4 Bf8 11. Bb2 Bg4 12. Ne4 f6 13. Nc5 Nd7 14. Ne4 a6 15. Rc1 Rc8 16. h3 Be6 17. e3 Qe7 18. Qc2 Qf7 19. Nfd2 h5 20. f4 Qg6 21. Nf3 exf4 22. Nh4 Qf7 23. gxf4 Bd5 24. Qf2 g6 25. Qg3 Ne7 26. f5 Bxe4 27. Bxe4 c6 28. Nxg6 Nxg6 29. fxg6 Qg7 30. Bf5 Rcd8 31. Bxd7 Qxd7 32. Bxf6 Qxd3 33. Qf4 Rxe3 34. Be5 Qxg6+ 35. Kh2 Rd2+ 36. Rf2 Rxf2+ 37. Qxf2 Rxe5 38. Rg1 Rg5 39. Qa2+ Kh8 40. Rxg5 Qxg5 41. Qf7 Bd6+ 42. Kh1 Qc1+ 43. Kg2 Qd2+ 44. Kf3 Qd3+ 45. Kg2 Qg3+ 46. Kf1 Qf4+ 0-1

[Event "Srem-ch LKS Piast"]
[Site "Srem"]
[Date "2009.03.13"]
[Round "3.4"]
[White "Kozlowski, Tomasz1111"]
[Black "Kolinski, Stanislaw"]
[Result "1/2-1/2"]
[WhiteElo "1993"]
[BlackElo "1999"]
[PlyCount "34"]
[EventDate "2009.02.27"]
[EventType "tourn"]
[EventRounds "9"]
[EventCountry "POL"]
[SourceTitle "EXT 2023"]
[Source "ChessBase"]
[SourceDate "2022.10.05"]
[SourceVersion "1"]
[SourceVersionDate "2022.10.05"]
[SourceQuality "1"]

1. e4 e5 2. Nc3 Nc6 3. f4 exf4 4. Nf3 g5 5. h4 g4 6. Ng1 h5 7. d4 Bh6 8. Nd5 Nf6 9. Qd3 Nxd5 10. exd5 Qe7+ 11. Kd1 Nb4 12. Qb3 c6 13. c4 cxd5 14. c5 Nc6 15. Qxd5 Qe6 16. Qxh5 Bg7 17. Qg5 Bh6 1/2-1/2

[Event "POL-chT 2nd League"]
[Site "Wysowa"]
[Date "2007.09.10"]
[Round "8"]
[White "Sikorska, Agata"]
[Black "Kolinski, Stanislaw"]
[Result "1-0"]
[WhiteElo "2090"]
[BlackElo "2010"]
[PlyCount "89"]
[EventDate "2007.09.03"]
[EventType "team-swiss"]
[EventRounds "9"]
[EventCountry "POL"]
[SourceTitle "EXT 2010"]
[Source "ChessBase"]
[SourceDate "2010.11.25"]
[SourceVersion "1"]
[SourceVersionDate "2010.11.25"]
[SourceQuality "1"]
[WhiteTeam "Wegrow SRSDiM"]
[BlackTeam "Srem LKS Piast"]
[WhiteTeamCountry "POL"]
[BlackTeamCountry "POL"]

1. e4 e5 2. Nf3 Nc6 3. Bc4 Nf6 4. d3 Be7 5. 0-0 0-0 6. c3 d5 7. exd5 Nxd5 8. Re1 Bf6 9. Nbd2 Bf5 10. Ne4 Nf4 11. Bxf4 exf4 12. Qc1 g5 13. d4 Re8 14. Bd3 Bxe4 15. Bxe4 g4 16. Nd2 Bg5 17. Qc2 h5 18. Bxc6 bxc6 19. Rxe8+ Qxe8 20. Qf5 Qe7 21. Ne4 f6 22. Re1 Rf8 23. Qg6+ Qg7 24. Qxh5 Bh6 25. Nc5 Qg5 26. Qxg5+ Bxg5 27. Re7 f5 28. Re5 Rf7 29. Ne6 Be7 30. Nxf4 Bd6 31. Re8+ Kg7 32. Nd3 Kf6 33. Ne5 Rh7 34. g3 c5 35. Nd3 cxd4 36. cxd4 Rd7 37. Nc1 c5 38. dxc5 Bxc5 39. Nb3 Bb6 40. Kg2 a5 41. Ra8 Rd5 42. Ra6 Rb5 43. Nxa5 Rxb2 44. Nc4 Rxf2+ 45. Kg1 1-0